Регионална библиотека "Любен Каравелов" - Русе

Наръчник по спешна и неотложна помощ в педиатрията (Запис номер 202056)

MARC детайли
000 -Лидер
Контролно поле с фиксирана дължина 01693nam a2200301 c 4500
003 - Код на организацията, давaща контролен номер
Контролно поле BLK
005 - Дата и час на последна редакция
Контролно поле 20180422120519.0
008 - Елементи от данни с фиксирана дължина
fixed length control field 180411b bul|||||r ||||||| ||bul||
010 ## - Наследен системен номер
LC control number KNG00211515000
040 ## - Източник на каталожния запис
Идентификатор на билиотеката - собственик на записа BLK
041 ## - Код за език
Код за езика на текст/звукозапис или на отделно заглавие Български
Код за езика КДБФ Български
080 ## - УДК
Текстов определител УДК Педиатрия. Детски болести. Вж и 613.22 ; 613.95
УДК код - определител по УДК 616-053.2
УДК определител (035)
УДК - код + определител 616-053.2(035)
100 1# - Редна дума - Автор
Автор Лалов, Веселин Манолов
Авторска отговорност първи автор
R(LIN) 349659
139 ## - Редно поле
Редна дума Наръчник по спешна и неотложна помощ в педиатрията
Авторски знак Наръ - Н 26
245 10 - Сведения за заглавието
Заглавие Наръчник по спешна и неотложна помощ в педиатрията
Редно поле (дума) Веселин Манолов Лалов; под ред. на Георги Захариев Панчев.
250 ## - Област на изданието
Сведения за изданието 2. изд.
257 ## - Страна на издаване
Страна на създаване/издаване България
260 ## - Област на издателските данни
-- София
Име на издателя, разпространителя и проч. Медицина и физкултура
Година на издаване 1989
300 ## - Физическа характеристика
Страници 288 с.
Илюстрации и др. с табл.
Размери/Мащаб 22 см
380 ## - Жанр
Жанр Медицина
500 ## - Общи забележки
Забележка Други авт. : В. Б. Пилософ, Г. З. Панчев, Д. Л. Величкова, Д. С. Ангьозова, Д. Г. Бобев, З. Ст. Станчев, Ив. Н. Диков, М. А. Георгиева, Хр. Н. Михов, Ю. М. Ковачева, отбелязани на с. 5. - 1. изд. 1984. - 6 706 тир. - Библиогр. след отд. гл. ; Рез. на рус., англ. ез. ; Азб. указ. на отровите.
700 1# - Други автори (авторска отговорност)
Лично име Панчев, Георги Захариев
Автороска отговорност (Описва отношението между автора и произведението) под ред. на
9 (RLIN) 386290
852 ## - Местоположение
Форматна сигнатура Цб 157582
856 4# - Електронен адрес и достъп
Електронен формат pdf - файл
Път до файла /url/
856 4# - Електронен адрес и достъп
Електронен формат pdf - файл
Път до файла /url/
942 ## - АРТИКУЛИ
Вид на библиотечния материал Книги
Скрит в OPAC Не
944 ## - СЪЗДАВАНЕ И РЕДАКЦИЯ на ЗАПИСА
Създаване/Редакция Създаване
Дата на регистрацията/редакция 23.08.2017
Служител, извършил регистрацията/редакцията Нора_Радева
944 ## - СЪЗДАВАНЕ И РЕДАКЦИЯ на ЗАПИСА
Създаване/Редакция Редакция
Дата на регистрацията/редакция 23.08.2017
Служител, извършил регистрацията/редакцията Нора_Радева
999 ## - СИСТЕМНИ КОНТРОЛНИ НОМЕРА
Koha biblionumber 202056
Koha biblioitemnumber 202056
Наличности
Код за отписване Код за изгубен артикул Източник на класификационната схема Код за повреда Коз за рестрикции Код за отдаване Артикулен № Име на библиотеката - собственик Име на библиотеката, в която се намира в момента Статус (Текущо местоположение) Дата на вписване в системата Местоположение - отдел Цена в лева Инвентарен номер Систематично азбучна сигнатура Баркод Номер на екземпляра Цена в евро Служебна бележка Служебен тип на артикула
  Не е изгубен Universal Decimal Classification Не е повреден без рестрикции ползва се в читалня 349604 Регионална библиотека "Любен Каравелов" Русе Регионална библиотека "Любен Каравелов" Русе Хранилище 1989-01-01 Хранилище 3.24 515545 Цб 157582 120000515545 1 1.66 Вид: Сф Дата: 01.01.1989 Книги
Изтеглен Не е изгубен Universal Decimal Classification Не е повреден без рестрикции заемане за дома 349605 Регионална библиотека "Любен Каравелов" Русе Регионална библиотека "Любен Каравелов" Русе Заемна - подръчен фонд 1989-01-01 Заемна - подръчен фонд 3.24 518686 П 616-053.2/Н 26 518686 2 1.66 Вид: Сф Дата: 01.01.1989 Книги
Vip Innovations Ltd, Rousse, Bulgaria 2025